[Event "5th Vergani Cup Dec. A 2020"]
[Site "Bassano del Grappa"]
[Date "2020.12.29"]
[Round "6.4"]
[White "Warmerdam, Max"]
[Black "Dionisi, Thomas"]
[Result "1-0"]
[WhiteElo "2506"]
[BlackElo "2418"]
[Annotator "TA"]
[PlyCount "165"]
[EventDate "2020.12.26"]
[EventType "swiss"]
[EventCountry "ITA"]
[SourceTitle "playchess.com"]
[Source "ChessBase"]
[SourceQuality "1"]

{[%evp 10,165,23,15,27,25,34,22,27,37,29,31,39,-6,24,26,62,47,71,57,65,70,68,42,71,52,64,29,20,20,27,-33,0,-50,4,14,4,0,8,-14,15,0,31,27,20,21,25,0,117,96,112,76,120,120,121,119,135,118,112,135,112,77,134,126,137,121,108,105,110,46,23,31,32,45,52,51,41,41,74,12,30,0,0,-8,-8,-129,0,-30,-12,-7,0,0,0,0,0,-7,-7,-7,-8,-6,6,6,11,11,11,6,6,6,6,6,8,7,117,41,104,104,104,104,104,32,48,32,104,104,769,668,6331,6211,2950,2574,29963,29964,29974,29975,29982,29983,29983,29984,29984,29985,29985,29966,29963,29965,29965,29969,29967,29968,29968,525,29970,29970,29969,29962,29993,29991,29991,29992]} 1. d4 Nf6 2. c4 e6 3. Nf3 Bb4+ 4. Nbd2 O-O 5. a3 Be7 6. e4 d6 {E11: Bogo-Indian.} 7. Be2 Nfd7 8. b4 e5 {The position is equal.} 9. d5 a5 10. Bb2 c6 11. dxc6 bxc6 (11... Nxc6 $5 {[%cal Ra5b4]} 12. Bc3 (12. b5 Ncb8 $11) 12... Qc7 $11) 12. O-O {[#]} Na6 $146 ({Predecessor:} 12... c5 13. b5 Bb7 14. a4 Nf6 15. Bd3 Nbd7 16. Re1 Nh5 17. g3 g6 18. Nf1 f5 {1-0 (50) Wang,H (2711)-Le,T (2512) Kuala Lumpur 2018}) 13. Nb3 axb4 14. axb4 Bb7 15. c5 {Qd2 is the strong threat.} Nxb4 16. cxd6 Bf6 17. Nfd2 c5 18. Bb5 {And now Bxd7 would win.} Bc6 19. Bxc6 Nxc6 20. Qe2 (20. Qc2 $11) 20... Qb6 21. Rab1 Nd4 (21... Qb8 $15) 22. Bxd4 $11 cxd4 23. Nc4 $36 {[%mdl 2048] White has good play.} Qa6 24. Nbd2 h6 (24... Bg5 $5 {[%cal Rg5d2]} 25. Nf3 Bh6 $11) 25. Qg4 Rfd8 {White should prevent ...Bg5.} 26. h4 Rac8 27. Rb4 Nc5 28. Rfb1 Kh8 (28... Nd3 $1 $11 29. d7 Rc6) 29. g3 $16 Qc6 30. Qf3 Nd7 31. Rb7 Rb8 32. Rc7 {[%cal Rc7c6]} Rxb1+ 33. Nxb1 Qb5 34. Nbd2 Kg8 35. Qh5 Qa4 (35... Rf8 $142) 36. Kg2 Qb5 37. Nf3 Qb1 38. Qg4 ({Weaker is} 38. Ncxe5 Nxe5 39. Nxe5 Qxe4+ 40. Nf3 Qe6 $17) 38... h5 39. Nfd2 hxg4 $14 40. Nxb1 Kf8 41. Nba3 Ke8 $1 42. Nb5 Rb8 43. Na7 Bd8 44. Nc6 (44. Kf1 $1 $16) 44... Ra8 $1 $11 ({But not} 44... Bxc7 $2 45. dxc7 Ra8 46. Nd6+ Kf8 47. c8=Q+ $18) 45. Rb7 ({Of course not} 45. Nxd8 Kxd8 46. Rb7 Ra1 $17) (45. f3 $5 {[%cal Rf3g4]} Ra2+ 46. Kf1 Ra1+ 47. Kg2 Ra2+ 48. Kg1 Ra1+ 49. Kf2 Ra2+ 50. Kg1 Ra1+ 51. Kh2 Ra2+ 52. Kh1 $14) 45... f6 46. Nxd8 Kxd8 {[%mdl 4096] Endgame KRN-KRN} 47. Kf1 (47. f4 $11 {remains equal.}) 47... Rc8 (47... Ra1+ $1 $17 48. Kg2 d3) 48. Na5 Rc1+ 49. Ke2 Rc2+ (49... Ke8 {with more complications.} 50. h5 Rc5 51. Ra7 Rc2+ 52. Ke1 Rc1+) 50. Kd1 Rc3 51. Ra7 Ke8 52. h5 (52. Ra8+ {seems wilder.} Kf7 53. Nb7 Rd3+ 54. Ke2 Rb3 55. Nd8+) 52... Ra3 53. Ra8+ $1 Kf7 {White must now prevent ...d3.} 54. Rd8 $1 {[%cal Rd8d7]} Rxa5 (54... Nc5 {is more complex.} 55. Nb7 Ra1+ 56. Kd2 Nxb7 57. Rd7+ Ke6) 55. Rxd7+ {KR-KR} Ke6 56. Rxg7 {Threatens to win with d7.} Kxd6 57. Rxg4 Ra1+ 58. Ke2 {Hoping for h6.} Rh1 59. Rg6 Ke7 60. g4 Rh3 (60... Kf7 $11) 61. Rg7+ (61. h6 $1 $16) 61... Kd6 ({Better is} 61... Ke8 $14) 62. Rf7 $16 Ke6 63. Rh7 (63. Rb7 {feels hotter.} Kd6 64. Ra7 Ke6 65. Rh7 Rh1 66. Rb7) 63... Kd6 64. Rh8 ({White should play} 64. Rg7 $16) 64... Ke6 65. Ra8 Rh1 (65... d3+ $14 66. Ke1 Rf3) 66. Kf3 {Strongly threatening Kg2.} Rh3+ $2 {[%mdl 8192] [#] Black cannot hold the game after this.} (66... Kf7 $16 67. Ra7+ Kg8) 67. Kg2 $1 $18 {[%cal Rg2h3]} Rb3 68. h6 {White wants to mate with h7.} Rb7 69. Rh8 d3 {[#]} 70. h7 $1 d2 71. Re8+ Re7 72. h8=Q d1=Q {KQR-KQR} 73. Qg8+ Kd6 74. Rd8+ {[%mdl 64] Skewer} Rd7 75. Qf8+ Kc7 76. Rc8+ Kb7 77. Rb8+ Kc7 78. Qc8+ Kd6 79. Rb6+ Ke7 80. Qg8 {[%csl Gg8][%cal Rb6e6] White mates.} Rd6 81. Rb8 {[%csl Gb8][%cal Rg8e8]} Qa4 82. Qf8+ Ke6 83. Re8+ {Weighted Error Value: White=0.16/Black=0.15} 1-0

[Event "5th Vergani Cup Dec. A 2020"]
[Site "Bassano del Grappa"]
[Date "2020.12.29"]
[Round "6.5"]
[White "Beerdsen, Thomas"]
[Black "Loiacono, Antonio"]
[Result "1/2-1/2"]
[WhiteElo "2479"]
[BlackElo "2304"]
[Annotator "TA"]
[PlyCount "64"]
[EventDate "2020.12.26"]
[EventType "swiss"]
[EventCountry "ITA"]
[SourceTitle "playchess.com"]
[Source "ChessBase"]
[SourceQuality "1"]

{[%evp 13,64,-32,-6,-8,33,20,16,12,52,7,0,-162,-171,-154,-148,-180,-180,-189,-174,-215,-202,-243,-240,-215,-213,-209,-212,-193,-213,-192,-172,-168,-162,-158,-62,-70,-48,-142,-136,-172,-162,-254,-152,-195,-52,-162,-162,-203,0,-181,0,-197,0]} 1. e4 e5 2. Nf3 Nc6 3. Bc4 Bc5 4. O-O Nf6 5. d4 Bxd4 6. Nxd4 Nxd4 7. Bg5 d6 8. f4 {C50: Hungarian Defence and Giuoco Pianissimo.} Qe7 9. Bxf6 {9.Na3 is becoming the main line.} gxf6 10. f5 {[#] The position is equal.} c6 $146 ({Predecessor:} 10... Bd7 11. c3 Nc6 12. b4 a5 13. b5 Na7 14. a4 Nc8 15. Na3 Nb6 16. Qb3 Rg8 17. Bd3 Rb8 18. Nc4 Nxc4 19. Qxc4 Rc8 {½-½ (19) Mousavi,S (2518)-Pourramezanali,A (2488) Baku 2020}) 11. a4 (11. c3 $5 {[%cal Rc3d4]} d5 12. Bxd5 $11) 11... d5 $1 {Threatens to win with ...Qc5.} 12. c3 $2 {[#]} Nxf5 $1 $19 {[%mdl 512]} 13. exf5 Qc5+ (13... dxc4 14. Nd2 $15) 14. Kh1 {aiming for Be2.} Qxc4 ({Inferior is} 14... dxc4 15. Nd2 $11) 15. Nd2 Qc5 16. c4 Bd7 17. b4 Qd4 ({Don't play} 17... Qxb4 18. Rb1) 18. Rc1 Ke7 19. Qe2 Rhg8 20. Nf3 Qe4 21. Qf2 d4 (21... Bxf5 22. Nh4 $17) 22. Rce1 Qxf5 {Strongly threatening ...Be6.} 23. Qxd4 {[%cal Rf3e5] And now Nxe5 would win.} Qg4 (23... Be6 $17 24. Qc5+ (24. Nxe5 $2 Qg5 $19) 24... Ke8) 24. Qf2 $15 Rg6 25. Nd2 (25. Nh4 $15 Rh6 26. Rxe5+ fxe5 27. Qxf7+ Kd8 28. Qf8+ Kc7 29. Qxh6) 25... b6 $17 26. Ne4 {[%cal Re4f6] [#]} Bf5 $1 {[%cal Rf5e4][%mdl 512]} 27. Ng3 (27. Nxf6 $142 Kxf6 28. h3) 27... Be6 (27... Bd3 $19 28. Rg1 Rag8) 28. a5 Rb8 ({Black should try} 28... Qxc4 $19 29. axb6 axb6 30. Qxb6 Kf8) 29. Ne4 {[#]} (29. Re4 $15 Qg5 30. Rh4 {[%mdl 64] Decoy} Qxh4 31. Nf5+ {[%mdl 64] Discovered Attack} Bxf5 32. Qxh4) 29... Bf5 $1 $19 {[%mdl 512]} 30. Ng3 (30. Nxf6 Kxf6) 30... Be6 31. Ne4 $1 Bf5 32. Ng3 {[%cal Rg3f5]} Be6 $2 {Weighted Error Value: White=0.29/Black=0.46} (32... Bd3 $19 33. Rg1 Kf8 34. axb6 axb6) 1/2-1/2

[Event "5th Vergani Cup Dec. A 2020"]
[Site "Bassano del Grappa"]
[Date "2020.12.29"]
[Round "6.6"]
[White "Blohberger, Felix"]
[Black "Samoun, Florent"]
[Result "1-0"]
[WhiteElo "2469"]
[BlackElo "2293"]
[Annotator "TA"]
[PlyCount "101"]
[EventDate "2020.12.26"]
[EventType "swiss"]
[EventCountry "ITA"]
[SourceTitle "playchess.com"]
[Source "ChessBase"]
[SourceQuality "1"]

{[%evp 26,101,49,45,80,60,91,41,35,13,100,77,111,49,53,24,31,29,100,92,104,105,90,90,99,84,157,16,24,20,25,5,53,53,55,67,79,81,84,79,147,145,965,439,407,340,332,325,314,257,225,237,227,231,5202,2383,1254,1196,29992,29993,29993,29994,29994,29995,29995,29996,29996,29994,29994,29995,29995,29996,29996,29997,29997,29998,29998,29999]} 1. e4 e5 2. Nf3 Nc6 3. Bb5 a6 4. Ba4 Nf6 5. O-O b5 6. Bb3 Be7 7. Re1 O-O 8. c3 d6 9. h3 Na5 10. Bc2 c5 11. d4 cxd4 12. cxd4 Nc6 13. Nbd2 Bb7 14. d5 Nb8 {C96: Closed Ruy Lopez: Chigorin Defence: 11 d4, replies other than 11...Qc7.} 15. Nf1 Nbd7 {[#]} 16. Ne3 $146 ({Predecessor:} 16. Ng3 Re8 17. Be3 Nb6 18. b3 Nbd7 19. Qd2 Nf8 20. Rac1 Ng6 21. Bg5 h6 22. Be3 {½-½ (35) Stankovic,M (1628)-Carevic,M Kragujevac 2016}) 16... g6 {White is slightly better.} 17. Ng4 Nh5 (17... Nxg4 $11 {remains equal.} 18. hxg4 Nf6) 18. Be3 Kh8 19. Nh6 ({White should play} 19. a4 $16) 19... Nf4 20. Qd2 Bg5 21. Ng4 f5 (21... Rc8 $11 {keeps the balance.}) 22. exf5 gxf5 23. Nxg5 Qxg5 24. Bxf4 exf4 25. Qd4+ $1 Kg8 {[#]} (25... Qg7 $142 26. Qxg7+ Kxg7) 26. Nh2 (26. Re7 $1 $16 {[%cal Re7d7][%mdl 512]} Ne5 27. Rxb7 fxg4 28. hxg4 (28. Bxh7+ Kh8 $16) (28. Rxh7 gxh3 29. Rxh3 Rf7 $14)) 26... Ne5 $11 {White must now prevent ...f3.} 27. Kh1 Rae8 28. Bb3 Re7 29. Nf3 Nxf3 30. gxf3 {Threatens to win with Rxe7.} Kf7 31. Rxe7+ Qxe7 32. Qxf4 Qe5 ({Black should try} 32... Qf6) 33. Qh6 $16 Bxd5 $2 {[%mdl 8192] Black cannot hold the game after this.} (33... Rg8 $16) 34. Qxh7+ (34. Bxd5+ $142 Qxd5 35. Qxh7+ Kf6 36. Re1 Qxf3+ 37. Kg1) 34... Ke6 $18 35. Qh6+ Rf6 36. Qd2 Bxb3 37. axb3 {[%mdl 4096] Endgame KQR-KQR} Kf7 38. Re1 Qc5 39. Qg5 Qxf2 $2 (39... f4 40. Qh4 Qf5) 40. Qh5+ Rg6 41. Qxf5+ Kg7 42. Re7+ {White mates.} Kh6 43. Qf4+ Rg5 44. Qxd6+ {[%mdl 64] Double Attack} Rg6 45. Qf4+ Rg5 46. Re6+ Kh5 47. Qf7+ Kh4 48. Re4+ Kg3 49. Qc7+ Kxh3 50. Qh7+ Kg3 51. Qh4+ {[%mdl 64] Double Attack.  Weighted Error Value: White=0.31/Black=0.41} 1-0

[Event "5th Vergani Cup Dec. A 2020"]
[Site "Bassano del Grappa"]
[Date "2020.12.29"]
[Round "6.7"]
[White "Yu, Jennifer"]
[Black "Formento, Paolo"]
[Result "1/2-1/2"]
[WhiteElo "2315"]
[BlackElo "2315"]
[Annotator "TA"]
[PlyCount "91"]
[EventDate "2020.12.26"]
[EventType "swiss"]
[EventCountry "ITA"]
[SourceTitle "playchess.com"]
[Source "ChessBase"]
[SourceQuality "1"]

{[%evp 16,91,79,26,71,70,125,86,91,56,77,79,106,113,135,138,123,149,141,145,262,181,216,211,215,183,183,189,186,186,226,225,233,242,243,233,240,240,251,235,239,182,250,256,244,240,226,185,191,116,117,116,117,117,145,66,70,64,69,69,69,57,72,12,16,16,17,12,12,12,16,12,12,0,16,0,24,0]} 1. d4 {Stohl,I} Nf6 2. c4 c5 3. d5 b5 4. cxb5 a6 5. bxa6 e6 6. Nc3 exd5 7. Nxd5 Nxd5 {7...Be7 gains popularity.} 8. Qxd5 Nc6 9. e4 {[#]} (9. Bd2 $16) 9... Qf6 $146 {A58: Benko/Volga Gambit: Lines with 5 bxa6.} ({Predecessor:} 9... Be7 10. Bc4 O-O 11. Ne2 Bxa6 12. Bxa6 Qa5+ 13. Qd2 Qxa6 14. O-O Bf6 15. Nc3 Be5 16. Re1 Nb4 17. Rd1 {0-1 (30) Anastasian,A (2574)-Annageldyev,O (2503) Dubai 2001 CBM 083 [Stohl,I]}) 10. Nf3 Qe6 (10... Be7 $14) 11. Qxe6+ fxe6 {White is better.} 12. a3 Be7 13. e5 O-O 14. Be3 Rf5 15. Bd3 Rxf3 16. gxf3 {Strongly threatening f4.} Nxe5 17. Be2 d5 (17... Bxa6 $16 18. Bxa6 Rxa6) 18. f4 Nc4 19. Bxc4 dxc4 20. O-O-O Kf7 21. Rhe1 Rxa6 22. Bd2 Bf6 23. Bc3 Bxc3 24. bxc3 Rxa3 $18 {[%mdl 4096] Endgame KRR-KRB} 25. Kb2 Ra6 26. Re5 Rc6 27. Ra1 Kf6 28. Ra5 Rd6 (28... Rb6+ $142 29. Kc1 Bb7 30. Rexc5 (30. Raxc5 Bd5 $18) 30... Bd5) 29. Rexc5 Bb7 30. Rxc4 Rd2+ 31. Kc1 Rxf2 32. Rc7 (32. Ra7 $1 $18 {[%cal Ra7b7]} Bd5 33. Rcc7) 32... Be4 $16 {[#]} 33. Raa7 $1 Bg6 34. Rc8 {Rf8+ is the strong threat.} Bf5 {[#]} 35. Rf8+ (35. c4 $1 $16) 35... Kg6 $14 36. Rg8 Rc2+ 37. Kd1 Rxc3 38. Raxg7+ Kf6 39. Ke2 (39. Rg3 $16 Rc4 40. Rf3) 39... Rc2+ $11 40. Ke3 Rxh2 41. Ra7 Rh3+ 42. Kf2 Rb3 43. Rf8+ Kg6 44. Rg8+ Kf6 45. Rf8+ Kg6 46. Rg8+ {Blacks defense is rewarded with a draw.  Weighted Error Value: White=0.18/Black=0.19} 1/2-1/2

[Event "5th Vergani Cup Dec. A 2020"]
[Site "Bassano del Grappa"]
[Date "2020.12.29"]
[Round "6.8"]
[White "Niemann, Hans Moke"]
[Black "Orfini, Nicolo`"]
[Result "1-0"]
[WhiteElo "2472"]
[BlackElo "2278"]
[Annotator "TA"]
[PlyCount "49"]
[EventDate "2020.12.26"]
[EventType "swiss"]
[EventCountry "ITA"]
[SourceTitle "playchess.com"]
[Source "ChessBase"]
[SourceQuality "1"]

{[%evp 11,49,47,50,16,49,30,29,34,38,29,36,36,70,67,99,82,86,72,78,38,107,118,118,0,115,131,302,275,297,188,325,301,575,555,29991,29992,29994,29995,29995,29996]} 1. d4 Nf6 2. c4 d6 3. Nc3 g6 4. e4 Bg7 5. Be2 O-O 6. Be3 c6 7. g4 {E73: King's Indian: Averbakh Variation without 6...c5.} Qa5 {7...d5 is the modern continuation.} 8. f3 c5 9. d5 {White has an edge.} e6 10. Qd2 {[#]} exd5 $146 ({Predecessor:} 10... Re8 11. g5 Nh5 12. f4 Bxc3 13. bxc3 exd5 14. Bxh5 gxh5 15. Ne2 d4 16. cxd4 Qxd2+ 17. Kxd2 {1-0 (28) Grigorian,S (2405)-Polajzer,D (2220) Balatonlelle 2020}) 11. cxd5 a6 12. Bh6 Re8 13. h4 Bh8 14. h5 b5 15. Nh3 b4 (15... Bxg4 $14 16. hxg6 (16. fxg4 b4 $14) 16... hxg6) 16. Nd1 $16 Bxg4 17. Nf4 (17. hxg6 $16 fxg6 18. Ng5 (18. fxg4 Nxe4 19. Qc1 Ng3 $15)) 17... Ra7 18. Ne3 ({Wrong is} 18. fxg4 $2 Nxe4 19. Qc1 b3+ 20. Kf1 Ng3+ 21. Kg2 Nxe2 $19) 18... Nxe4 $2 {Black cannot hold the game after this.} (18... Nbd7 $16 {was necessary.}) 19. fxe4 $18 Bxe2 20. Kxe2 {Threatens to win with hxg6.} ({Not} 20. Qxe2 Rxe4 21. hxg6 hxg6 $16) 20... Rxe4 (20... Qb5+ $142 21. Kf3 Nd7 22. hxg6 Ne5+ 23. Kg3 fxg6) 21. hxg6 hxg6 (21... fxg6 22. Ne6 Re7) 22. Bg5 {Threatening mate with Rxh8+!} Bd4 {[#]} 23. Qxd4 {[%mdl 512] White mates.} cxd4 {[#]} (23... Qb5+ 24. Kf3) 24. Bf6 $1 {[%csl Gf6][%cal Rh1h8]} Qb5+ 25. Kd1 {[%csl Gf6][%cal Rh1h8] Weighted Error Value: White=0.19/Black=0.77} 1-0

[Event "5th Vergani Cup Dec. A 2020"]
[Site "Bassano del Grappa"]
[Date "2020.12.29"]
[Round "6.9"]
[White "Brini, Dario"]
[Black "Zarpellon, Daniel"]
[Result "1/2-1/2"]
[WhiteElo "1787"]
[BlackElo "1893"]
[Annotator "NA RC"]
[PlyCount "80"]
[EventDate "2020.12.26"]
[EventType "swiss"]
[EventCountry "ITA"]
[SourceTitle "playchess.com"]
[Source "ChessBase"]
[SourceQuality "1"]

{[%evp 8,80,41,28,29,20,16,26,57,23,31,-1,22,0,27,6,3,-13,-27,-12,0,-4,12,3,-1,-7,44,22,33,22,121,129,165,181,254,255,248,212,246,160,147,141,310,264,261,162,233,166,315,0,54,0,0,0,0,0,0,-45,-47,-48,-44,-72,0,0,0,-21,-43,-60,32767,32767,32767,32767,32767,32767,0]} 1. e4 {[%emt 0:00:00]} c5 {[%emt 0:02:10]} 2. Nf3 {[%emt 0:00:00]} e6 {[%emt 0:00:21]} 3. d4 {[%emt 0:00:00]} cxd4 {[%emt 0:00:15]} 4. Nxd4 {[%emt 0:00:00]} a6 {[%emt 0:00:09]} 5. Bd3 {[%emt 0:00:13]} Qc7 {[%emt 0:00:13]} 6. Be3 {[%emt 0:00:56]} Nf6 {[%emt 0:00:55]} 7. O-O {[%emt 0:01:42]} Be7 {[%emt 0:01:40]} 8. Nc3 {[%emt 0:04:04]} d6 {[%emt 0:01:25]} 9. h3 {[%emt 0:04:50]} Nbd7 {[%emt 0:01:54]} 10. f4 {[%emt 0:00:55]} b6 {[%emt 0:05:59]} 11. Qf3 {[%emt 0:05:17]} Bb7 {[%emt 0:04:08]} 12. f5 {[%emt 0:03:44]} e5 $1 {[%emt 0:07:33]} 13. Nde2 {[%emt 0:01:37]} O-O {[%emt 0:02:37]} 14. g4 {[%emt 0:01:49]} d5 {[%emt 0:10:28]} 15. Nxd5 {[%emt 0:09:30]} Nxd5 {[%emt 0:01:05]} 16. exd5 {[%emt 0:00:07]} Bc5 {[%emt 0:09:11]} 17. c4 {[%emt 0:03:47]} e4 {[%emt 0:09:53]} 18. Bxe4 {[%emt 0:04:59]} ({But not} 18. Qxe4 $2 Rfe8 $19) 18... Bxe3+ {[%emt 0:00:42]} (18... Rae8 $11 19. Nc3 Nf6) 19. Qxe3 {[%emt 0:00:14]} Rfe8 {[%emt 0:00:43]} 20. Qd4 {[%emt 0:05:22]} Nf6 {[%emt 0:05:35]} (20... b5 $142 21. b3 Nc5) 21. Nc3 {[%emt 0:00:26]} Qd6 {[%emt 0:12:56]} 22. Kg2 {[%emt 0:03:57]} Re5 {[%emt 0:02:18]} (22... b5 $142 23. Bf3 bxc4) 23. Rae1 {[%emt 0:01:32]} Rae8 {[%emt 0:00:12]} 24. Re2 {[%emt 0:00:35]} h5 $2 {[%emt 0:02:40]} (24... b5 $16) 25. Bf3 {[%emt 0:02:15]} Rxe2+ {[%emt 0:04:17]} 26. Bxe2 {[%emt 0:00:30]} h4 {[%emt 0:00:35]} (26... b5 $16) 27. Rf3 {[%emt 0:02:02]} Qb4 {[%emt 0:02:04]} (27... b5 $142) 28. b3 $2 {[%emt 0:02:54]} (28. Re3 $18) 28... Nxd5 {[%emt 0:02:17]} 29. Nxd5 {[%emt 0:03:34]} ({White should try} 29. Kf2 $1 $14 Nxc3 30. Rxc3) 29... Bxd5 {[%emt 0:00:09]} 30. Qxd5 {[%emt 0:00:11]} Rxe2+ {[%emt 0:01:35]} 31. Rf2 {[%emt 0:00:05]} Qe7 {[%emt 0:01:10]} 32. Rxe2 {[%emt 0:13:51]} Qxe2+ {[%emt 0:00:19] Double Attack} 33. Kh1 {[%emt 0:00:11]} Qe1+ {[%emt 0:01:39]} 34. Kg2 {[%emt 0:00:05]} Qe2+ {[%emt 0:00:05]} 35. Kh1 {[%emt 0:00:11]} Qe1+ {[%emt 0:00:24]} 36. Kg2 {[%emt 0:00:51]} Qg3+ {[%emt 0:00:14]} 37. Kf1 {[%emt 0:00:41]} Qxh3+ {[%emt 0:00:05]} 38. Qg2 {[%emt 0:00:05]} Qd3+ {[%emt 0:00:16]} 39. Qe2 {[%emt 0:00:54]} Qg3 {[%emt 0:02:13]} 40. Qg2 {[%emt 0:01:17]} Qd3+ $11 {[%emt 0:00:39]} 1/2-1/2

[Event "5th Vergani Cup Dec. A 2020"]
[Site "Bassano del Grappa"]
[Date "2020.12.29"]
[Round "7.1"]
[White "Basso, Pier Luigi"]
[Black "Mendonca, Leon Luke"]
[Result "1-0"]
[WhiteElo "2561"]
[BlackElo "2516"]
[Annotator "TA"]
[PlyCount "123"]
[EventDate "2020.12.26"]
[EventType "swiss"]
[EventCountry "ITA"]
[SourceTitle "playchess.com"]
[Source "ChessBase"]
[SourceQuality "1"]

{[%evp 23,123,9,24,18,16,18,19,18,18,0,77,67,95,96,82,0,0,0,0,0,43,33,42,44,45,56,49,8,8,8,55,47,34,20,10,8,21,0,285,254,275,255,261,262,245,42,548,258,255,245,293,222,391,356,395,381,389,369,702,702,673,661,549,642,525,456,927,1266,1208,1168,5509,5391,1552,1146,1058,1083,5030,5505,29978,29979,29969,6203,29974,29974,29976,29980,29980,29981,29981,29982,29982,29983,29984,29985,29988,29986,29993,29994,29994,29995,29995,29996]} 1. d4 Nf6 2. c4 c6 3. Nc3 d5 4. Nf3 e6 5. Bg5 h6 6. Bh4 dxc4 7. e4 g5 8. Bg3 b5 9. Be2 Bb7 10. h4 g4 11. Ne5 h5 12. O-O Nbd7 13. Qc2 {D43: Semi-Slav: 5 Bg5 h6.} Be7 14. Rad1 a6 15. b3 {The position is equal.} cxb3 16. axb3 {[#]} Rc8 $146 (16... Qb6 $11 {remains equal.}) ({Predecessor:} 16... Nxe5 17. Bxe5 Rc8 18. g3 O-O 19. f3 c5 20. d5 Nd7 21. Bf4 gxf3 22. Bxf3 c4 23. Bxh5 Qb6+ 24. Kh2 cxb3 25. Qd2 Nf6 26. d6 {1-0 (26) Adamus,K (2487)-Rodin,E (2429) ICCF email 2000}) 17. f3 $16 {[%cal Rf3g4]} Nxe5 18. Bxe5 ({But not} 18. dxe5 $6 Nd7 $11) 18... Rg8 19. fxg4 (19. Bxf6 $16 {And now e5 would win.} Bxf6 20. e5 Bxh4 21. Qh7) 19... Nxg4 $11 20. Bxg4 Rxg4 21. Qf2 f6 22. Bxf6 Bxf6 23. Qxf6 Qxf6 24. Rxf6 Ke7 25. Rh6 {Rh7+ is the strong threat.} (25. Rdf1 $5 {[%cal Rf6f7]} Rg7 26. Rh6 $11) 25... Rcg8 26. Rd2 Rg3 27. Rc2 R8g7 28. b4 Rd3 29. Ne2 Re3 $1 30. e5 {Hoping for Nf4.} c5 $2 {[%mdl 8192]} (30... Re4 $1 $11 {and Black has nothing to worry.}) 31. Nf4 $18 {[%mdl 64] Double Attack} c4 32. Rxe6+ Kd7 33. Rd6+ Kc8 34. Nxh5 $2 (34. Kf2 $18 Rd3 35. Nxd3 Rxg2+ 36. Ke3 Rxc2 37. Nc5 Rc3+ 38. Kd2) 34... Re1+ {[%mdl 8192] A mistake that costs the game.} (34... Rg4 $1 $14) 35. Kh2 (35. Kf2 $142 Rxg2+ 36. Kxe1 Rxc2 37. e6) 35... Rg4 {[#]} 36. Nf6 $1 {[%cal Rf6g4]} Rxh4+ 37. Kg3 Rh6 (37... Rhh1 {was necessary.} 38. Kf4 Rhf1+ 39. Kg5 Rc1) 38. Kf4 Rhh1 39. g4 Rhf1+ 40. Kg5 Rc1 $2 (40... Kc7 41. Rd7+ Kb8) 41. Rh2 {Rh8+ would kill now.} Rh1 42. Rf2 Rhf1 43. Rxf1 Rxf1 {[%mdl 4096] Endgame [#] KRB-KRN} 44. Nd5 Rd1 (44... Bxd5 $142 45. Rxd5 Kc7) 45. e6 {White wants to mate with e7.} Re1 46. Kf6 Rf1+ 47. Ke7 {[%csl Ge7][%cal Rd6d8]} Kb8 48. Kd7 Bc8+ 49. Kc6 c3 50. Nxc3 Rc1 {[#]} 51. Rd8 $1 Rxc3+ {KRB-KR} 52. Kd6 (52. Kb6 $142 Rc7 53. d5 Re7 54. Kc6 Rc7+ 55. Kd6 Kb7 56. e7 Rxe7 57. Kxe7 Bxg4 58. d6) 52... Re3 53. d5 {White mates.} a5 54. e7 axb4 55. e8=Q Rxe8 56. Rxe8 {KR-KB} b3 57. Re3 Bxg4 58. Rxb3 Be2 59. Kc6 Kc8 60. Re3 {[%cal Re3e8]} Bh5 61. d6 Kd8 62. d7 {Weighted Error Value: White=0.25/Black=0.68} 1-0

[Event "5th Vergani Cup Dec. A 2020"]
[Site "Bassano del Grappa"]
[Date "2020.12.29"]
[Round "7.2"]
[White "Bernadskiy, Vitaliy"]
[Black "Blohberger, Felix"]
[Result "1-0"]
[WhiteElo "2619"]
[BlackElo "2469"]
[Annotator "TA"]
[PlyCount "81"]
[EventDate "2020.12.26"]
[EventType "swiss"]
[EventCountry "ITA"]
[SourceTitle "playchess.com"]
[Source "ChessBase"]
[SourceQuality "1"]

{[%evp 22,81,12,0,39,63,69,73,88,86,95,90,86,72,70,70,77,80,82,74,82,80,85,81,112,112,130,129,129,131,139,132,186,204,204,204,202,197,197,171,243,237,199,216,329,302,329,329,325,328,322,319,981,1011,1739,1768,1570,1164,1112,956,2318,1649]} 1. e4 e5 2. Nf3 Nf6 3. Nxe5 d6 4. Nf3 Nxe4 5. d4 d5 6. Bd3 Be7 7. O-O O-O 8. Re1 Bf5 9. Nc3 Nxc3 10. bxc3 Bxd3 11. Qxd3 Nc6 12. Bf4 Qd7 {[#] C42: Petroff Defence: 3 Nxe5 and unusual White 3rd moves.} 13. Qb5 $146 ({Predecessor:} 13. Re3 Rfe8 14. Rae1 a6 15. h4 f6 16. Qe2 Kf8 17. h5 Bd6 18. Bxd6+ cxd6 19. Qd3 Rxe3 20. Rxe3 {½-½ (58) Fressinet,L (2714)-Humeau,C (2305) Quenza 2012}) 13... a6 14. Qxb7 Bd6 {White is better.} 15. Bxd6 Qxd6 16. Ne5 Nxe5 17. dxe5 Qc5 {Hoping for ...Rfb8.} 18. Qb4 Qxb4 19. cxb4 $14 {[%mdl 4096] Endgame KRR-KRR} Rfb8 20. Rab1 Rb6 21. Red1 c6 22. f4 g6 23. Rb3 a5 {[#]} 24. bxa5 Rxb3 25. cxb3 {Black must now prevent b4.} Rxa5 $16 {KR-KR} 26. a4 f6 (26... Kf8 $16 {keeps fighting.} 27. Kf2 Ke7) 27. exf6 $18 Kf7 28. Kf2 Kxf6 29. Ke3 Ke6 30. Kd4 Kd6 (30... c5+ $142 31. Kc3 Kd6) 31. Ra1 c5+ 32. Kc3 Kc6 (32... Kc7 $142 33. b4 cxb4+ 34. Kxb4 Ra6) 33. g4 Ra8 34. a5 Kb7 {[#]} 35. b4 $1 Rf8 36. Rf1 ({Not} 36. bxc5 Rxf4 37. c6+ Kc7 $16) 36... Kc6 $2 (36... d4+ 37. Kc4 cxb4 38. Kxb4 (38. Kxd4 Ka6 $14) 38... Rd8) 37. f5 {White is clearly winning.} gxf5 38. gxf5 Rf6 39. bxc5 Kxc5 40. Kd3 Kd6 41. Kd4 {Black got outplayed after the opening.  Weighted Error Value: White=0.02/Black=0.19} 1-0